[Event "Schleswig Holstein-ch Seniors op 11th"]
[Site "Buesum"]
[Date "2017.09.12"]
[Round "5"]
[White "Hellwege, Werner"]
[Black "Potschka, Dieter"]
[Result "1/2-1/2"]
[WhiteElo "1929"]
[BlackElo "1829"]
[PlyCount "120"]
[EventDate "2017.09.08"]
[EventType "swiss"]
[EventRounds "9"]
[EventCountry "GER"]
[SourceTitle "EXT 2019"]
[Source "ChessBase"]
[SourceDate "2018.10.10"]
[SourceVersion "1"]
[SourceVersionDate "2018.10.10"]
[SourceQuality "1"]

1. d4 e6 2. Nf3 Nf6 3. c4 Be7 4. Nc3 0-0 5. e4 d5 6. cxd5 exd5 7. e5 Ne8 8. Bd3 g6 9. 0-0 Ng7 10. Qc2 c6 11. Bh6 Na6 12. a3 Nc7 13. Rac1 Bg4 14. Be2 Bxf3 15. Bxf3 Bg5 16. Bxg5 Qxg5 17. g3 Nf5 18. Qd3 Ne6 19. Ne2 h5 20. Bg2 Qh6 21. Bh3 Nfg7 22. f4 f5 23. exf6 Rxf6 24. Kg2 Raf8 25. Ng1 g5 26. Bxe6+ Nxe6 27. fxg5 Qxg5 28. Nh3 Qg4 29. Rxf6 Rxf6 30. Re1 h4 31. Re5 hxg3 32. Qxg3 Rg6 33. Qxg4 Rxg4+ 34. Kf3 Rg6 35. Ke3 Rh6 36. Nf2 Kf7 37. h3 Rh4 38. Rf5+ Ke7 39. Re5 Kd6 40. b4 Nxd4 41. Rg5 Ne6 42. Rf5 b6 43. Rf7 a6 44. Ra7 Nc7 45. Rb7 b5 46. Rb8 Kd7 47. Rg8 Ne8 48. Rg3 Nd6 49. Ke2 Nc4 50. Nd3 Re4+ 51. Kf2 Ke7 52. Nc5 Rf4+ 53. Ke2 a5 54. Rg6 axb4 55. axb4 Rh4 56. Re6+ Kf7 57. Rxc6 Rxh3 58. Na6 Ra3 59. Nc7 Re3+ 60. Kf2 Rf3+ 1/2-1/2

[Event "Schleswig Holstein-ch Seniors op 10th"]
[Site "Buesum"]
[Date "2016.10.03"]
[Round "8"]
[White "Potschka, Dieter"]
[Black "Knaak, Joachim"]
[Result "0-1"]
[WhiteElo "1804"]
[BlackElo "2142"]
[PlyCount "34"]
[EventDate "2016.09.26"]
[EventType "swiss"]
[EventRounds "9"]
[EventCountry "GER"]
[SourceTitle "EXT 2019"]
[Source "ChessBase"]
[SourceDate "2018.10.10"]
[SourceVersion "1"]
[SourceVersionDate "2018.10.10"]
[SourceQuality "1"]

1. c4 e6 2. Nc3 d5 3. cxd5 exd5 4. d4 c6 5. Nf3 Nf6 6. e3 Bf5 7. Be2 Bd6 8. h3 0-0 9. Bd2 Nbd7 10. a3 Qe7 11. 0-0 h6 12. g4 Bh7 13. Re1 Ne4 14. Nxe4 Bxe4 15. Bf1 f5 16. Nh2 Bxh2+ 17. Kxh2 fxg4 0-1

[Event "Schleswig Holstein-ch Seniors"]
[Site "Hanerau"]
[Date "2015.03.29"]
[Round "2"]
[White "Stomprowski, Eckhard"]
[Black "Potschka, Dieter"]
[Result "1/2-1/2"]
[WhiteElo "1894"]
[BlackElo "1791"]
[PlyCount "110"]
[EventDate "2015.03.28"]
[EventType "swiss"]
[EventRounds "9"]
[EventCountry "GER"]
[SourceTitle "EXT 2018"]
[Source "ChessBase"]
[SourceDate "2017.10.13"]
[SourceVersion "1"]
[SourceVersionDate "2017.10.13"]
[SourceQuality "1"]

1. e4 e6 2. d4 d5 3. Nd2 Nf6 4. e5 Nfd7 5. f4 c5 6. c3 cxd4 7. cxd4 Nc6 8. Ndf3 Bb4+ 9. Kf2 0-0 10. Bd3 f6 11. Ne2 Be7 12. g3 f5 13. Be3 Nb6 14. Rc1 Bd7 15. Rg1 Nb4 16. Bb1 Nc4 17. a3 Nxe3 18. Kxe3 Nc6 19. Qd3 Na5 20. Nd2 b5 21. g4 Nc4+ 22. Nxc4 bxc4 23. Qc2 g6 24. Qd2 Qb6 25. gxf5 exf5 26. Nc3 Be6 27. Qg2 Rf7 28. Nxd5 Bxd5 29. Qxd5 Rd8 30. Qxc4 Qxb2 31. Ba2 Rdf8 32. Qc2 Qxa3+ 33. Ke2 Qh3 34. Rgf1 Qxh2+ 35. Rf2 Qh5+ 36. Ke3 g5 37. Qxf5 Kh8 38. Bxf7 Rxf7 39. Rc8+ Kg7 40. Qe6 gxf4+ 41. Kd3 Qd1+ 42. Rd2 Qf3+ 43. Kc2 Bb4 44. Qc6 Qxc6+ 45. Rxc6 Bxd2 46. Kxd2 h5 47. Ke2 h4 48. Kf3 h3 49. d5 h2 50. Rc1 Kg6 51. Rh1 Kf5 52. e6 Rh7 53. Kg2 Ke5 54. Rxh2 Rg7+ 55. Kf3 Rg3+ 1/2-1/2

[Event "Schleswig Holstein-ch Seniors"]
[Site "Hanerau"]
[Date "2015.03.28"]
[Round "1"]
[White "Potschka, Dieter"]
[Black "Kornrumpf, Joachim"]
[Result "0-1"]
[WhiteElo "1791"]
[BlackElo "2012"]
[PlyCount "96"]
[EventDate "2015.03.28"]
[EventType "swiss"]
[EventRounds "9"]
[EventCountry "GER"]
[SourceTitle "EXT 2018"]
[Source "ChessBase"]
[SourceDate "2017.10.13"]
[SourceVersion "1"]
[SourceVersionDate "2017.10.13"]
[SourceQuality "1"]

1. c4 c5 2. Nc3 e6 3. e3 Nf6 4. Be2 Be7 5. Nf3 0-0 6. 0-0 d6 7. d3 Nbd7 8. e4 a6 9. b3 b6 10. Bb2 Bb7 11. Qc2 Rc8 12. a4 Qc7 13. Qd2 Rfd8 14. Qc2 Ne5 15. Nxe5 dxe5 16. Nd1 Nd7 17. Bc3 Nb8 18. a5 Nc6 19. axb6 Qxb6 20. Qb2 Rf8 21. Rb1 Nd4 22. Ne3 Rcd8 23. Qa2 Rd7 24. Rfd1 f5 25. f3 Qc7 26. Bf1 Bg5 27. Nc2 Rb8 28. Be1 Bf6 29. Bf2 g5 30. b4 Be7 31. bxc5 Bxc5 32. Qb2 Rdd8 33. Qc1 Qe7 34. Qd2 Bc6 35. Qa5 Qa7 36. Kh1 Rdc8 37. Rxb8 Rxb8 38. Qd2 h6 39. Ne3 a5 40. exf5 exf5 41. Qa2 a4 42. Nd5 a3 43. Rd2 Kg7 44. Ne3 Qb6 45. h3 Qb1 46. Nxf5+ Nxf5 47. Bxc5 Qxf1+ 48. Kh2 Rb1 0-1

[Event "Schleswig Holstein-ch Seniors op"]
[Site "Buesum"]
[Date "2014.09.25"]
[Round "1"]
[White "Potschka, Dieter"]
[Black "Lang, Ferdinand"]
[Result "0-1"]
[WhiteElo "1785"]
[BlackElo "2072"]
[PlyCount "44"]
[EventDate "2014.09.25"]
[EventType "swiss"]
[EventRounds "9"]
[EventCountry "GER"]
[SourceTitle "EXT 2018"]
[Source "ChessBase"]
[SourceDate "2017.10.13"]
[SourceVersion "1"]
[SourceVersionDate "2017.10.13"]
[SourceQuality "1"]

1. c4 Nf6 2. Nc3 g6 3. e3 Bg7 4. Nf3 0-0 5. Be2 c5 6. 0-0 Nc6 7. d4 cxd4 8. exd4 d5 9. b3 Bg4 10. c5 Ne4 11. Bb2 Bxf3 12. gxf3 Ng5 13. Nb1 Ne6 14. Na3 Nexd4 15. Rb1 e6 16. f4 Qh4 17. Bc1 Nxe2+ 18. Qxe2 Nd4 19. Qd1 Qh3 20. f3 Nf5 21. Qe1 Bd4+ 22. Kh1 Ng3+ 0-1

[Event "Schleswig Holstein-ch Seniors"]
[Site "Leck"]
[Date "2014.04.14"]
[Round "3"]
[White "Wessel, Volkmar"]
[Black "Potschka, Dieter"]
[Result "1/2-1/2"]
[WhiteElo "1861"]
[BlackElo "1792"]
[PlyCount "77"]
[EventDate "2014.04.12"]
[EventType "swiss"]
[EventRounds "9"]
[EventCountry "GER"]
[SourceTitle "EXT 2018"]
[Source "ChessBase"]
[SourceDate "2017.10.13"]
[SourceVersion "1"]
[SourceVersionDate "2017.10.13"]
[SourceQuality "1"]

1. b4 e6 2. Bb2 Nf6 3. a3 Be7 4. e3 b6 5. Nf3 Bb7 6. c4 d6 7. Be2 Nbd7 8. Nc3 a5 9. 0-0 axb4 10. axb4 0-0 11. Qc2 Ne8 12. b5 f5 13. Nd4 Nc5 14. Nc6 Bxc6 15. bxc6 Nf6 16. Bf3 g5 17. g3 Rxa1 18. Rxa1 d5 19. cxd5 Nxd5 20. Nxd5 exd5 21. d4 Ne4 22. Bg2 Qe8 23. f3 Nf6 24. Rc1 Nh5 25. e4 fxe4 26. fxe4 Nf6 27. e5 Ng4 28. Bxd5+ Kg7 29. Re1 Bb4 30. Re2 Qh5 31. Bh1 Qh3 32. Qc1 h6 33. e6 Be7 34. Be4 Kg8 35. Qe1 Bb4 36. Qc1 Be7 37. Qe1 Bb4 38. Qc1 Be7 39. Qe1 1/2-1/2

[Event "Schleswig Holstein-ch Seniors"]
[Site "Leck"]
[Date "2014.04.13"]
[Round "2"]
[White "Erich, Juergen"]
[Black "Potschka, Dieter"]
[Result "1-0"]
[WhiteElo "1911"]
[BlackElo "1792"]
[PlyCount "63"]
[EventDate "2014.04.12"]
[EventType "swiss"]
[EventRounds "9"]
[EventCountry "GER"]
[SourceTitle "EXT 2018"]
[Source "ChessBase"]
[SourceDate "2017.10.13"]
[SourceVersion "1"]
[SourceVersionDate "2017.10.13"]
[SourceQuality "1"]

1. d4 e6 2. Nf3 Nf6 3. c4 Be7 4. Nc3 d6 5. e4 c5 6. d5 e5 7. Be2 Bd7 8. 0-0 Na6 9. Ne1 Rb8 10. f4 exf4 11. Bxf4 Qc7 12. a3 Rd8 13. Nd3 0-0 14. e5 dxe5 15. Bxe5 Bd6 16. Bxf6 Bxh2+ 17. Kh1 gxf6 18. Rxf6 Be5 19. Nxe5 Qxe5 20. Qf1 Qg3 21. Qf3 Qh4+ 22. Kg1 Rde8 23. Rf4 Qe7 24. Re4 Qg5 25. Rxe8 Rxe8 26. Ne4 Rxe4 27. Qxe4 Bf5 28. Qe8+ Kg7 29. Rf1 Bg6 30. d6 f5 31. Qe5+ Kf7 32. Bf3 1-0

[Event "SH-ch Seniors op"]
[Site "Eckernfoerde"]
[Date "2012.10.03"]
[Round "5.24"]
[White "Zimmermann, Manfred"]
[Black "Potschka, Dieter"]
[Result "1-0"]
[WhiteElo "1899"]
[BlackElo "1800"]
[PlyCount "55"]
[EventDate "2012.09.29"]
[EventType "swiss"]
[EventRounds "7"]
[EventCountry "GER"]
[SourceTitle "EXT 2022"]
[Source "ChessBase"]
[SourceDate "2021.10.06"]
[SourceVersion "1"]
[SourceVersionDate "2021.10.06"]
[SourceQuality "1"]

1. d4 e6 2. c4 d5 3. Nf3 Nf6 4. e3 Be7 5. Bd3 a6 6. 0-0 0-0 7. b3 Nc6 8. Nbd2 b6 9. Bb2 a5 10. a3 Rb8 11. Rc1 Na7 12. cxd5 exd5 13. Ne5 c5 14. f4 Bb7 15. Rf3 Ne4 16. f5 cxd4 17. exd4 Nxd2 18. Qxd2 Bg5 19. Qf2 f6 20. Ng4 h5 21. Ne3 h4 22. g3 h3 23. Re1 Re8 24. g4 Bc6 25. Rxh3 Nb5 26. Ng2 Rxe1+ 27. Qxe1 Nd6 28. Qe6+ 1-0

[Event "Schleswig Holstein-ch Kandidaten"]
[Site "Schleswig Holstein"]
[Date "2012.06.??"]
[Round "9"]
[White "Potschka, Dieter"]
[Black "Coldewey, Carsten"]
[Result "0-1"]
[WhiteElo "1800"]
[BlackElo "1896"]
[PlyCount "73"]
[EventDate "2012.06.05"]
[EventType "swiss"]
[EventRounds "9"]
[EventCountry "GER"]
[SourceTitle "EXT 2022"]
[Source "ChessBase"]
[SourceDate "2021.10.06"]
[SourceVersion "1"]
[SourceVersionDate "2021.10.06"]
[SourceQuality "1"]

1. c4 e6 2. Nc3 d5 3. cxd5 exd5 4. d4 c6 5. Nf3 Bd6 6. a3 a5 7. Bd2 Nf6 8. e3 Bg4 9. Be2 Nbd7 10. h3 Bh5 11. Rc1 0-0 12. 0-0 Re8 13. Nb1 Bb8 14. Be1 Qc7 15. g3 Ne4 16. Kg2 Ndf6 17. Nc3 Nxc3 18. Rxc3 Ne4 19. Rc1 Qb6 20. b4 axb4 21. Bxb4 Qc7 22. Qe1 Qd8 23. Nd2 Nxg3 24. Bxh5 Nxh5 25. Nf3 Nf4+ 26. Kh1 Nd3 27. Qe2 Nxc1 28. Rxc1 Qd7 29. Ng1 Qf5 30. Qf3 Qe6 31. Qg4 Bd6 32. Rb1 Bxb4 33. Rxb4 b5 34. Rb3 Qxg4 35. hxg4 h6 36. Ne2 Ra4 37. Kg2 0-1

[Event "Schleswig Holstein-ch Kandidaten"]
[Site "Schleswig Holstein"]
[Date "2012.06.??"]
[Round "6"]
[White "Potschka, Dieter"]
[Black "Kololli, Kevin"]
[Result "1-0"]
[WhiteElo "1800"]
[BlackElo "1767"]
[PlyCount "93"]
[EventDate "2012.06.05"]
[EventType "swiss"]
[EventRounds "9"]
[EventCountry "GER"]
[SourceTitle "EXT 2022"]
[Source "ChessBase"]
[SourceDate "2021.10.06"]
[SourceVersion "1"]
[SourceVersionDate "2021.10.06"]
[SourceQuality "1"]

1. c4 c5 2. Nc3 e5 3. d3 g6 4. Bd2 Bg7 5. g3 Nc6 6. Bg2 Nge7 7. Nf3 0-0 8. 0-0 f5 9. a3 d6 10. e3 h6 11. Rb1 g5 12. b4 cxb4 13. axb4 Ng6 14. b5 Nce7 15. Ne1 f4 16. Nd5 Nxd5 17. Bxd5+ Kh7 18. f3 Bh3 19. Rf2 Qd7 20. Ng2 Bf5 21. e4 Bh3 22. Bc3 g4 23. fxg4 Bxg4 24. Qd2 fxg3 25. hxg3 Bf6 26. Rbf1 Bg5 27. Qe1 Rxf2 28. Rxf2 Nh8 29. d4 Qe7 30. Nh4 Bxh4 31. gxh4 Be6 32. dxe5 Rg8+ 33. Rg2 Rxg2+ 34. Kxg2 Ng6 35. exd6 Qxd6 36. Qg3 Qe7 37. h5 Nh4+ 38. Kh2 Bxd5 39. cxd5 a5 40. bxa6 bxa6 41. d6 Nf3+ 42. Qxf3 Qxd6+ 43. Qg3 Qxg3+ 44. Kxg3 Kg8 45. Kf4 a5 46. Bxa5 Kg7 47. Ke5 1-0

[Event "Schleswig Holstein-ch Veterans 63rd"]
[Site "Gross Groenau"]
[Date "2008.03.18"]
[Round "5"]
[White "Harders, Werner"]
[Black "Potschka, Dieter"]
[Result "0-1"]
[WhiteElo "1395"]
[BlackElo "1732"]
[PlyCount "55"]
[EventDate "2008.03.15"]
[EventType "swiss"]
[EventRounds "9"]
[EventCountry "GER"]
[SourceTitle "EXT 2010"]
[Source "ChessBase"]
[SourceDate "2010.11.25"]
[SourceVersion "1"]
[SourceVersionDate "2010.11.25"]
[SourceQuality "1"]

1. f4 Nf6 2. d4 d5 3. e3 e6 4. Nf3 Bd7 5. a3 c5 6. c3 Nc6 7. Bd3 a6 8. h3 b5 9. b3 c4 10. bxc4 bxc4 11. Bc2 Rb8 12. Qe2 Be7 13. e4 0-0 14. Ng5 dxe4 15. Bxe4 Nxe4 16. Nxe4 Na5 17. Nbd2 Nb3 18. Nxb3 cxb3 19. Bb2 Qc7 20. Qf2 Bb5 21. Rd1 a5 22. Qe3 Qc6 23. Kf2 Qd5 24. Rhg1 Bc6 25. Nd2 Bd6 26. g4 Be7 27. Kg3 g5 28. Rgf1 0-1